| 000 | 00646nam a22002177a 4500 | ||
|---|---|---|---|
| 999 |
_c3795 _d3795 |
||
| 003 | OSt | ||
| 005 | 20241029084659.0 | ||
| 008 | 241029b ||||| |||| 00| 0 eng d | ||
| 020 | _a9789670315454 | ||
| 020 | _a9789670315379 (SET) | ||
| 040 | _cKH8 | ||
| 082 | _a823 LEE | ||
| 100 |
_aLee, Jackson, _eauthor. |
||
| 245 |
_aListen to others' opinions = Dengar pendapat kawan / _cJackson Lee. |
||
| 260 |
_aSelangor ; _bZufad Enterprise , _c2014. |
||
| 300 |
_a48 pages : _bcolor illustrations ; _c22 cm. |
||
| 440 | _aPractice Good Manners Series | ||
| 650 |
_aDidactic fiction _vEnglish |
||
| 650 |
_aDidactic fiction _vMalay |
||
| 942 |
_2ddc _cTR |
||